000 00476nam a2200181Ia 4500
001 20456
005 20260306172807.0
008 260306t2011||||xx |||||||||||||| ||spa||
041 _aESP
082 _a343.21
_bR78
100 _aRojas Bernal, José Miguel
_eAUT
245 0 _aGuía para la ejecución de sentencias en los procesos constitucionales
260 _c2011
300 _a262 páginas :
_c24 cm.
650 _aGEN
654 _aCDE
942 _cLIB
_dJUS
_fJUS
_2ddc
_n
999 _c20456
_d20456